000 00349 a2200109 4500
001 ART_2738
005 20260410161710.0
008 260409a
245 1 0 _aClases populares y democracia representativa en América Latina
100 1 _aGermani, Gino
773 0 _tDesarrollo económico
_g- Vol. 2, Nº 2 (jul./sep. 1962)
_wREV1174
999 _c15954
_d15954